[Event "Mittelfrank Regionalliga Nord-West 2122"]
[Site "Mittelfranken"]
[Date "2022.03.13"]
[Round "6.5"]
[White "Hanft, Michael"]
[Black "Kuespert, Helmut"]
[Result "1/2-1/2"]
[WhiteElo "1982"]
[BlackElo "1881"]
[PlyCount "126"]
[EventDate "2021.10.24"]
[EventType "team-tourn"]
[EventRounds "9"]
[EventCountry "GER"]
[SourceTitle "EXT 2024"]
[Source "ChessBase"]
[SourceDate "2023.10.10"]
[SourceVersion "1"]
[SourceVersionDate "2023.10.10"]
[SourceQuality "1"]
[WhiteTeam "Kitzingen"]
[BlackTeam "Marktleuthen"]
[WhiteTeamCountry "GER"]
[BlackTeamCountry "GER"]

1. d4 Nf6 2. c4 c5 3. d5 b5 4. cxb5 a6 5. bxa6 Bxa6 6. Nc3 d6 7. e4 Bxf1 8. Kxf1 g6 9. Nge2 Bg7 10. h3 Qa5 11. Kg1 0-0 12. Kh2 Nbd7 13. Rb1 Rfb8 14. Qc2 Rb7 15. b3 Ne8 16. Rd1 Nc7 17. Bg5 Re8 18. Kg1 h6 19. Be3 Kh7 20. a4 Reb8 21. Bd2 Qa6 22. Be1 Ne5 23. f4 Nd7 24. Kh1 Rb6 25. Na2 Qa7 26. Bc3 Bxc3 27. Nexc3 Qa5 28. Re1 Na6 29. Nb5 Nb4 30. Nxb4 Qxb4 31. Rbc1 R6b7 32. Qc3 Qxc3 33. Rxc3 f6 34. Ree3 Kg7 35. Na3 Kf7 36. Nc4 Ra8 37. Kg1 Nb6 38. Kf2 Nxc4 39. Rxc4 Rab8 40. Rcc3 Rb4 41. g3 Ra8 42. Ke2 c4 43. Rxc4 Rxc4 44. bxc4 Rxa4 45. Rc3 Ra2+ 46. Ke3 Rh2 47. h4 g5 48. fxg5 hxg5 49. hxg5 fxg5 50. c5 dxc5 51. Rxc5 Ra2 52. Rc6 Ra3+ 53. Kf2 g4 54. Rh6 Rf3+ 55. Kg2 Re3 56. Re6 Re2+ 57. Kg1 Re3 58. Kf2 Rf3+ 59. Kg2 Re3 60. Re5 Re2+ 61. Kf1 Re3 62. Kf2 Rf3+ 63. Kg2 Kf6 1/2-1/2

[Event "Mittelfrank Regionalliga Nord-West 2122"]
[Site "Mittelfranken"]
[Date "2021.11.14"]
[Round "2.5"]
[White "Schmitt, Guenter"]
[Black "Hanft, Michael"]
[Result "1/2-1/2"]
[WhiteElo "1961"]
[BlackElo "1982"]
[PlyCount "29"]
[EventDate "2021.10.24"]
[EventType "team-tourn"]
[EventRounds "9"]
[EventCountry "GER"]
[SourceTitle "EXT 2024"]
[Source "ChessBase"]
[SourceDate "2023.10.10"]
[SourceVersion "1"]
[SourceVersionDate "2023.10.10"]
[SourceQuality "1"]
[WhiteTeam "Rottendorf"]
[BlackTeam "Kitzingen"]
[WhiteTeamCountry "GER"]
[BlackTeamCountry "GER"]

1. e4 c5 2. Nf3 Nc6 3. d4 cxd4 4. Nxd4 Nf6 5. Nc3 e5 6. Ndb5 d6 7. Bg5 a6 8. Na3 b5 9. Bxf6 gxf6 10. Nd5 f5 11. Bd3 Be6 12. c4 Qa5+ 13. Kf1 Bxd5 14. cxd5 fxe4 15. Bxe4 1/2-1/2

[Event "Landesliga Nord 1617"]
[Site "Bayern"]
[Date "2017.02.05"]
[Round "5.8"]
[White "Hanft, Michael"]
[Black "Muehlbayer, Kevin"]
[Result "1/2-1/2"]
[WhiteElo "2036"]
[BlackElo "2012"]
[PlyCount "101"]
[EventDate "2016.10.16"]
[EventType "team-tourn"]
[EventRounds "9"]
[EventCountry "GER"]
[SourceTitle "EXT 2019"]
[Source "ChessBase"]
[SourceDate "2018.10.10"]
[SourceVersion "1"]
[SourceVersionDate "2018.10.10"]
[SourceQuality "1"]
[WhiteTeam "Kitzingen"]
[BlackTeam "Bindlach Aktionaer II"]
[WhiteTeamCountry "GER"]
[BlackTeamCountry "GER"]

1. d4 d6 2. c4 g6 3. Nc3 Bg7 4. e4 Nf6 5. f3 0-0 6. Be3 Kh8 7. Nge2 Ng8 8. Qd2 f5 9. 0-0-0 fxe4 10. fxe4 e5 11. d5 a6 12. Kb1 Bd7 13. Nc1 Qe8 14. h3 b5 15. g4 Nf6 16. Bd3 b4 17. N3e2 a5 18. Ng3 Na6 19. g5 Nh5 20. Nxh5 gxh5 21. Qg2 c6 22. Rdf1 Qg6 23. Rxf8+ Rxf8 24. Rf1 a4 25. Rxf8+ Bxf8 26. Qf3 Be7 27. Bc2 c5 28. Ne2 h4 29. Qf2 Qh5 30. Ng1 Kg8 31. Qg2 Nc7 32. Kc1 Ne8 33. Bd1 Qg6 34. Bf3 Ng7 35. Kd1 Nh5 36. Ne2 Kf8 37. Bg4 Bxg4 38. Qxg4 Ng3 39. Nxg3 hxg3 40. Ke2 Kg7 41. Kf3 Qf7+ 42. Kg2 Kh8 43. Qxg3 Qh5 44. Qf3 Qh4 45. Qg4 Qxg4+ 46. hxg4 Kg7 47. Kg3 Kg6 48. Kh4 h6 49. b3 axb3 50. axb3 Bxg5+ 51. Bxg5 1/2-1/2

[Event "Landesliga Nord 1617"]
[Site "Bayern"]
[Date "2016.12.04"]
[Round "3.7"]
[White "Kuespert, Helmut"]
[Black "Hanft, Michael"]
[Result "1-0"]
[WhiteElo "1910"]
[BlackElo "2036"]
[PlyCount "95"]
[EventDate "2016.10.16"]
[EventType "team-tourn"]
[EventRounds "9"]
[EventCountry "GER"]
[SourceTitle "EXT 2019"]
[Source "ChessBase"]
[SourceDate "2018.10.10"]
[SourceVersion "1"]
[SourceVersionDate "2018.10.10"]
[SourceQuality "1"]
[WhiteTeam "Marktleuthen"]
[BlackTeam "Kitzingen"]
[WhiteTeamCountry "GER"]
[BlackTeamCountry "GER"]

1. e4 c5 2. b4 cxb4 3. d4 d5 4. e5 Nc6 5. a3 Qb6 6. Be3 Bf5 7. Bd3 Bxd3 8. Qxd3 e6 9. Ne2 Nge7 10. 0-0 Nf5 11. c3 Nxe3 12. Qxe3 bxa3 13. Nxa3 Bxa3 14. Rxa3 0-0 15. Raa1 Na5 16. f4 Nc4 17. Qd3 f5 18. h3 Qc7 19. g4 g6 20. Ng3 Qf7 21. gxf5 gxf5 22. Kh2 Kh8 23. Rg1 Rg8 24. Qe2 Rg7 25. Nh5 Rxg1 26. Rxg1 Rg8 27. Rxg8+ Qxg8 28. Qf2 Qd8 29. Qg3 Qe7 30. Nf6 Qg7 31. Qh4 Nd2 32. Qf2 Ne4 33. Nxe4 fxe4 34. f5 Qf7 35. f6 b5 36. Qa2 Kg8 37. Qa6 h6 38. Qxb5 Qh5 39. Qb8+ Kf7 40. Qxa7+ Kg6 41. Qg7+ Kf5 42. Qg4+ Qxg4 43. hxg4+ Kg6 44. Kg3 Kf7 45. Kf4 Kg6 46. c4 e3 47. Kxe3 dxc4 48. Kd2 1-0

[Event "Landesliga Nord 1415"]
[Site "Bayern"]
[Date "2014.11.09"]
[Round "2.7"]
[White "Hanft, Michael"]
[Black "Rous, Daniel"]
[Result "0-1"]
[WhiteElo "2036"]
[BlackElo "2208"]
[PlyCount "128"]
[EventDate "2014.10.19"]
[EventType "team-tourn"]
[EventRounds "9"]
[EventCountry "GER"]
[SourceTitle "EXT 2018"]
[Source "ChessBase"]
[SourceDate "2017.10.13"]
[SourceVersion "1"]
[SourceVersionDate "2017.10.13"]
[SourceQuality "1"]
[WhiteTeam "Kitzingen"]
[BlackTeam "Bamberg SC"]
[WhiteTeamCountry "GER"]
[BlackTeamCountry "GER"]

1. d4 Nf6 2. c4 g6 3. Nc3 d5 4. Nf3 Bg7 5. Bf4 0-0 6. Rc1 dxc4 7. e3 c5 8. Bxc4 cxd4 9. Nxd4 a6 10. 0-0 Nbd7 11. Nf3 Qa5 12. h3 h6 13. Bh2 Nc5 14. a3 Rd8 15. Qe2 Ne6 16. Rfd1 b5 17. Rxd8+ Nxd8 18. Bd5 Bb7 19. Bxb7 Nxb7 20. e4 e6 21. e5 Nd7 22. Rd1 Qc7 23. Rc1 Rd8 24. Na2 Qb6 25. Nb4 Ndc5 26. Rd1 Rxd1+ 27. Qxd1 a5 28. Nc2 Bf8 29. Bf4 Na4 30. Qc1 Kh7 31. Be3 Bc5 32. Bxh6 Bxf2+ 33. Kh1 Kg8 34. Qf4 Bc5 35. Bg5 Bf8 36. Bf6 Bg7 37. Ng5 Bxf6 38. exf6 Qd8 39. Nd4 Nac5 40. Nc6 Qd1+ 41. Kh2 Qd6 42. Ne5 Nd8 43. Ngf3 Nd7 44. Nxg6 Qxf4+ 45. Nxf4 Nxf6 46. Ne5 Nb7 47. Kg1 Ne4 48. Kf1 f6 49. Ned3 Kf7 50. Ke2 Ned6 51. b3 Nf5 52. Kd2 e5 53. Nd5 Nd4 54. Nc1 f5 55. Ne3 Ke6 56. a4 f4 57. Nc2 Nxc2 58. Kxc2 b4 59. Kd3 Kd5 60. h4 Nc5+ 61. Ke2 Ke4 62. Kf2 Kf5 63. g3 Ne4+ 64. Kg2 Nxg3 0-1

[Event "Regionalliga NW 1112"]
[Site "Bayern"]
[Date "2011.12.11"]
[Round "4.6"]
[White "Stumpf, Hilmar"]
[Black "Hanft, Michael"]
[Result "0-1"]
[WhiteElo "1822"]
[BlackElo "1978"]
[PlyCount "106"]
[EventDate "2011.10.02"]
[EventType "team-tourn"]
[EventRounds "9"]
[EventCountry "GER"]
[SourceTitle "EXT 2013"]
[Source "ChessBase"]
[SourceDate "2012.11.22"]
[SourceVersion "1"]
[SourceVersionDate "2012.11.22"]
[SourceQuality "1"]
[WhiteTeam "Nordhalben"]
[BlackTeam "Kitzingen"]
[WhiteTeamCountry "GER"]
[BlackTeamCountry "GER"]

1. d4 Nf6 2. c4 g6 3. Nc3 Bg7 4. e4 d6 5. Be2 0-0 6. Bg5 c5 7. d5 Qa5 8. Qd2 h6 9. Bh4 a6 10. h3 b5 11. cxb5 axb5 12. Bxb5 Nxe4 13. Nxe4 Qxb5 14. Nc3 Qc4 15. Nf3 Na6 16. a3 Nc7 17. Rd1 Rb8 18. Qd3 Qxd3 19. Rxd3 g5 20. Bg3 Rxb2 21. Nd1 Rb1 22. Nd2 Ra1 23. Nb3 Rxa3 24. Nxc5 Rxd3 25. Nxd3 Nxd5 26. Kd2 Bf5 27. Re1 Ra8 28. Nc1 Kf8 29. Rf1 Ra4 30. f3 Nf4 31. Ne3 Rd4+ 32. Ke1 Be6 33. Rf2 Nd3+ 34. Nxd3 Rxd3 35. Re2 Bc3+ 36. Kf2 Rd2 37. Rxd2 Bxd2 38. Ke2 Bb4 39. Kd3 Kg7 40. Bf2 Bc5 41. Be1 Kg6 42. Ke4 f5+ 43. Kd3 Bd7 44. Nd5 Bb5+ 45. Kc3 Kf7 46. h4 e6 47. Nb4 Bf1 48. g3 gxh4 49. gxh4 Be2 50. f4 Kg6 51. Nc6 Kh5 52. Nd8 Bb6 53. Nxe6 Ba5+ 0-1

[Event "Regionalliga NW 1011"]
[Site "Bayern"]
[Date "2011.01.16"]
[Round "5.5"]
[White "Lindner, Marco"]
[Black "Hanft, Michael"]
[Result "1/2-1/2"]
[WhiteElo "1946"]
[BlackElo "1990"]
[PlyCount "70"]
[EventDate "2010.10.10"]
[EventType "team-tourn"]
[EventRounds "9"]
[EventCountry "GER"]
[SourceTitle "EXT 2012"]
[Source "ChessBase"]
[SourceDate "2011.11.24"]
[SourceVersion "1"]
[SourceVersionDate "2011.11.24"]
[SourceQuality "1"]
[WhiteTeam "Mainaschaff"]
[BlackTeam "Kitzingen"]
[WhiteTeamCountry "GER"]
[BlackTeamCountry "GER"]

1. e4 c5 2. c3 e6 3. d4 d5 4. exd5 exd5 5. Nf3 Nf6 6. Be2 Nc6 7. 0-0 Bd6 8. dxc5 Bxc5 9. Nbd2 0-0 10. Nb3 Bd6 11. Bg5 Be6 12. Nbd4 h6 13. Bh4 Ne5 14. Nxe5 Bxe5 15. Nxe6 fxe6 16. Bg4 Qd6 17. Bg3 Bxg3 18. hxg3 Nxg4 19. Qxg4 e5 20. Rad1 Rad8 21. Rfe1 Qf6 22. Rd2 Rd6 23. Re3 d4 24. Rf3 Qd8 25. Rxf8+ Kxf8 26. Qf5+ Qf6 27. Qxf6+ gxf6 28. cxd4 Rxd4 29. Rc2 Ke7 30. Kf1 Kd7 31. Ke2 h5 32. f3 Ra4 33. b3 Ra6 34. Ke3 Rc6 35. Rd2+ Rd6 1/2-1/2

[Event "Landesliga Nord 0910"]
[Site "Bayern"]
[Date "2010.02.07"]
[Round "6.5"]
[White "Hanft, Michael"]
[Black "Smid, Miroslav"]
[Result "0-1"]
[WhiteElo "1990"]
[BlackElo "2214"]
[PlyCount "58"]
[EventDate "2009.10.18"]
[EventType "team-tourn"]
[EventRounds "9"]
[EventCountry "GER"]
[SourceTitle "EXT 2011"]
[Source "ChessBase"]
[SourceDate "2010.11.26"]
[SourceVersion "1"]
[SourceVersionDate "2010.11.26"]
[SourceQuality "1"]
[WhiteTeam "Kitzingen"]
[BlackTeam "Kulmbach"]
[WhiteTeamCountry "GER"]
[BlackTeamCountry "GER"]

1. d4 d5 2. c4 Bf5 3. cxd5 Bxb1 4. Rxb1 Qxd5 5. a3 Nc6 6. Nf3 0-0-0 7. Qc2 Nxd4 8. Nxd4 Qxd4 9. Be3 Qd5 10. Rc1 Rd7 11. Rg1 Nh6 12. g4 e6 13. Bg2 Qa5+ 14. Bd2 Qa6 15. Be4 Be7 16. Rg3 Rhd8 17. b4 Bh4 18. Rc3 Qd6 19. Rd3 Qxh2 20. Bxb7+ Kb8 21. Be3 Rxd3 22. exd3 Nxg4 23. Bxa7+ Kxa7 24. Qa4+ Kxb7 25. Qc6+ Kc8 26. Qa8+ Kd7 27. Qc6+ Ke7 28. Qxc7+ Qxc7 29. Rxc7+ Rd7 0-1

[Event "Regionalliga NW 0708"]
[Site "Bayern"]
[Date "2008.03.09"]
[Round "7.7"]
[White "Hanft, Michael"]
[Black "Zimmermann, Frank1111"]
[Result "1-0"]
[WhiteElo "1970"]
[BlackElo "1764"]
[PlyCount "115"]
[EventDate "2007.10.21"]
[EventType "team-tourn"]
[EventRounds "9"]
[EventCountry "GER"]
[SourceTitle "EXT 2009"]
[Source "ChessBase"]
[SourceDate "2008.11.26"]
[SourceVersion "1"]
[SourceVersionDate "2008.11.26"]
[SourceQuality "1"]
[WhiteTeam "Kitzingen"]
[BlackTeam "Nordhalben"]
[WhiteTeamCountry "GER"]
[BlackTeamCountry "GER"]

1. d4 d5 2. c4 dxc4 3. Nf3 Nf6 4. e3 e6 5. Bxc4 a6 6. 0-0 b5 7. Bb3 c5 8. a4 c4 9. Bc2 Bb7 10. axb5 axb5 11. Rxa8 Bxa8 12. b3 Bd5 13. bxc4 Bxc4 14. Bd3 Qc7 15. Bxc4 Qxc4 16. Na3 Qd5 17. Qd3 b4 18. Nb5 Bd6 19. Nxd6+ Qxd6 20. Qb5+ Ke7 21. Bd2 Nd5 22. e4 Nc3 23. Qb7+ Nd7 24. Ne5 f6 25. Nxd7 Ne2+ 26. Kh1 Qxd7 27. Bxb4+ Ke8 28. Qb8+ Qd8 29. Qb5+ Kf7 30. Qxe2 Qxd4 31. Qh5+ g6 32. Qc5 Qxc5 33. Bxc5 Rc8 34. Rc1 Rd8 35. Be3 Rd7 36. Kg1 g5 37. g4 Rb7 38. Ra1 Kg6 39. Ra6 Re7 40. Kg2 h5 41. gxh5+ Kxh5 42. Ra7 Re8 43. Rg7 Kh6 44. Rc7 Kg6 45. Bc5 Kh6 46. Re7 Rc8 47. Bd6 e5 48. Rc7 Ra8 49. Rc6 Re8 50. Kg3 Kh5 51. Bc5 Kg6 52. Bb6 Rh8 53. Rd6 Re8 54. Bd8 Rf8 55. Rxf6+ Rxf6 56. Bxf6 Kxf6 57. Kg4 Kg6 58. f3 1-0